[Event "SLO-chT2 West"]
[Site "Ljubljana"]
[Date "2014.10.18"]
[Round "3.6"]
[White "Marek, Ivan"]
[Black "Bernik, Alja"]
[Result "0-1"]
[WhiteElo "1822"]
[BlackElo "1774"]
[PlyCount "60"]
[EventDate "2014.10.17"]
[EventType "team-tourn"]
[EventRounds "9"]
[EventCountry "SLO"]
[SourceTitle "EXT 2019"]
[Source "ChessBase"]
[SourceDate "2018.10.10"]
[SourceVersion "1"]
[SourceVersionDate "2018.10.10"]
[SourceQuality "1"]
[WhiteTeam "Sticna Visnja Gora"]
[BlackTeam "Komenda II"]
[WhiteTeamCountry "SLO"]
[BlackTeamCountry "SLO"]

1. e4 e5 2. Nc3 Nf6 3. f4 d6 4. d4 exf4 5. Bxf4 Be7 6. Nf3 0-0 7. Qd2 Nbd7 8. 0-0-0 a6 9. Bd3 b5 10. e5 Ne8 11. Nd5 Bb7 12. Nxe7+ Qxe7 13. Rhe1 dxe5 14. Nxe5 Nxe5 15. Rxe5 Qd8 16. Qf2 Nd6 17. Qg3 Kh8 18. Bxh7 Kxh7 19. Qh3+ Kg8 20. Rh5 f6 21. Rh7 Be4 22. Rh8+ Kf7 23. Qh5+ Ke7 24. Rxf8 Qxf8 25. Re1 f5 26. g4 Kd7 27. Bxd6 cxd6 28. Rf1 Rc8 29. gxf5 Rxc2+ 30. Kd1 Qf6 0-1

[Event "SLO-chT U20 Girls"]
[Site "Verzej"]
[Date "2013.08.31"]
[Round "4"]
[White "Bernik, Alja"]
[Black "Rozman, Monika"]
[Result "1-0"]
[WhiteElo "1699"]
[BlackElo "1696"]
[PlyCount "199"]
[EventDate "2013.08.29"]
[EventType "team-tourn"]
[EventRounds "5"]
[EventCountry "SLO"]
[SourceTitle "EXT 2015"]
[Source "ChessBase"]
[SourceDate "2014.11.20"]
[SourceVersion "1"]
[SourceVersionDate "2014.11.20"]
[SourceQuality "1"]

1. e4 g6 2. d4 Bg7 3. Nc3 d6 4. Nf3 Nd7 5. Be3 c6 6. Qd2 e5 7. dxe5 dxe5 8. Bc4 Ngf6 9. a4 0-0 10. 0-0 Qc7 11. h3 b6 12. Rad1 Bb7 13. Qe2 a6 14. Bb3 b5 15. axb5 axb5 16. Nd2 Ba6 17. Na2 Rfd8 18. Nb4 Bb7 19. c4 Bf8 20. Nd3 Ba6 21. f3 b4 22. Qf2 c5 23. Ra1 Bb7 24. Rfd1 Rxa1 25. Rxa1 Ra8 26. Rxa8 Bxa8 27. Qe1 Qd6 28. Qe2 Qa6 29. Qd1 Bc6 30. Kh2 Ne8 31. Qg1 Qa5 32. Kh1 Ng7 33. Bf2 Ne6 34. Qc1 Bh6 35. Qd1 Nb6 36. Nxe5 Be8 37. Nf1 Bg7 38. Nd3 Nd4 39. Bxd4 Bxd4 40. Qb1 Qa7 41. Ng3 Qa6 42. Qc1 Nd7 43. Ne2 Bg7 44. Qb1 Qd6 45. Ndf4 Nb6 46. Qc2 Qf6 47. Nd3 Qd6 48. Nef4 Bd7 49. Nd5 Nxd5 50. cxd5 Bd4 51. Ba4 Kg7 52. Bxd7 Qxd7 53. b3 Qa7 54. Kh2 Qa1 55. Qc1 Qa6 56. Qc2 h5 57. Qd2 Qa1 58. Qc1 Qa6 59. Qc2 Qd6+ 60. Kh1 Qa6 61. Qd2 Qa1+ 62. Qc1 Qc3 63. Qd1 h4 64. Kh2 c4 65. bxc4 Qxc4 66. Nc1 Qc7+ 67. Kh1 Qb6 68. Nb3 Bc3 69. Qg1 Qa6 70. Qd1 Qc4 71. Kh2 Be5+ 72. Kh1 Qc3 73. Nc1 Qe3 74. Nb3 Qf4 75. Qg1 Qg3 76. Nd2 Bc3 77. Nb3 Qe5 78. Qd1 Qg3 79. Qf1 Qe1 80. Qxe1 Bxe1 81. Kg1 Kf6 82. Kf1 Bc3 83. Ke2 Ke5 84. Ke3 g5 85. Na5 f5 86. Nb3 Be1 87. Nc1 Bc3 88. Nb3 Bb2 89. Na5 Bd4+ 90. Kd3 fxe4+ 91. fxe4 Bc5 92. Nc6+ Kf4 93. e5 Kf5 94. d6 Ke6 95. Kc4 Kd7 96. Nxb4 Bf2 97. Kd5 Bg3 98. e6+ Kd8 99. Nc6+ Ke8 100. d7+ 1-0

[Event "Wch U16 Girls"]
[Site "Maribor"]
[Date "2012.11.15"]
[Round "8.41"]
[White "Bernik, Alja"]
[Black "Aseeva, Anastasia"]
[Result "0-1"]
[WhiteElo "1680"]
[BlackElo "2023"]
[PlyCount "104"]
[EventDate "2012.11.08"]
[EventType "swiss"]
[EventRounds "11"]
[EventCountry "SLO"]
[SourceTitle "EXT 2013"]
[Source "ChessBase"]
[SourceDate "2012.11.22"]
[SourceVersion "1"]
[SourceVersionDate "2012.11.22"]
[SourceQuality "1"]

1. e4 c5 2. Nc3 d6 3. g3 Nc6 4. Bg2 g6 5. Nge2 Bg7 6. 0-0 e6 7. d3 Nge7 8. Be3 0-0 9. Qd2 Nd4 10. Nd1 Rb8 11. Nxd4 cxd4 12. Bh6 e5 13. Bxg7 Kxg7 14. f4 f6 15. c3 dxc3 16. Nxc3 Be6 17. b3 Rc8 18. Ne2 Qb6+ 19. Kh1 Nc6 20. Rac1 Qb4 21. Rfd1 Bg4 22. Rc4 Qxd2 23. Rxd2 b5 24. Rc1 Bxe2 25. Rxe2 Nd4 26. Ree1 Nc2 27. Re2 Nb4 28. Rd1 Rc3 29. Red2 Nc6 30. Bh3 Nd4 31. Kg2 Rf7 32. Kf2 Rfc7 33. Bg4 a5 34. h4 Ra7 35. Rb1 a4 36. bxa4 Rxa4 37. Bd7 Ra5 38. Ke3 Rc7 39. Bg4 Rca7 40. Rbb2 Ra3 41. Bd1 Rc7 42. Bb3 Rc3 43. Bc2 Kf7 44. fxe5 dxe5 45. Bd1 Ke7 46. h5 f5 47. hxg6 hxg6 48. Bc2 Kd6 49. Bb1 Ke6 50. Rh2 fxe4 51. Kxe4 Nf5 52. Rxb5 Nd6+ 0-1

[Event "Wch U16 Girls"]
[Site "Maribor"]
[Date "2012.11.11"]
[Round "4.49"]
[White "Bernik, Alja"]
[Black "Caka, Olta"]
[Result "1-0"]
[WhiteElo "1680"]
[BlackElo "1423"]
[PlyCount "93"]
[EventDate "2012.11.08"]
[EventType "swiss"]
[EventRounds "11"]
[EventCountry "SLO"]
[SourceTitle "EXT 2013"]
[Source "ChessBase"]
[SourceDate "2012.11.22"]
[SourceVersion "1"]
[SourceVersionDate "2012.11.22"]
[SourceQuality "1"]

1. e4 e5 2. Nc3 Nc6 3. g3 Nf6 4. Bg2 d6 5. Nge2 Be7 6. 0-0 0-0 7. d3 Be6 8. Nd5 Qd7 9. f4 exf4 10. Nexf4 Nxd5 11. exd5 Bg4 12. dxc6 bxc6 13. Qd2 d5 14. h3 Be6 15. Nxe6 fxe6 16. Qe2 Rxf1+ 17. Bxf1 Rf8 18. Bf4 Bd6 19. Re1 Rf6 20. Be5 Rg6 21. h4 Qe7 22. Kh2 Bxe5 23. Qxe5 Rf6 24. Qe3 Qb4 25. b3 Qf8 26. Kg1 c5 27. Bh3 Kh8 28. Bxe6 d4 29. Qe5 Qd6 30. Qxd6 cxd6 31. Bc4 g6 32. Re6 Rxe6 33. Bxe6 Kg7 34. Kf2 Kf6 35. Bg8 h6 36. Kf3 Kg7 37. Bc4 Kf6 38. Ke4 g5 39. hxg5+ hxg5 40. Kd5 Kf5 41. Kxd6 Kg4 42. Kxc5 Kxg3 43. Kxd4 g4 44. Bd5 Kf2 45. c4 g3 46. c5 g2 47. Bxg2 1-0

[Event "Wch U16 Girls"]
[Site "Maribor"]
[Date "2012.11.10"]
[Round "3.45"]
[White "Hansen, Erle Andrea Marki"]
[Black "Bernik, Alja"]
[Result "1-0"]
[WhiteElo "1846"]
[BlackElo "1680"]
[PlyCount "79"]
[EventDate "2012.11.08"]
[EventType "swiss"]
[EventRounds "11"]
[EventCountry "SLO"]
[SourceTitle "EXT 2013"]
[Source "ChessBase"]
[SourceDate "2012.11.22"]
[SourceVersion "1"]
[SourceVersionDate "2012.11.22"]
[SourceQuality "1"]

1. d4 Nf6 2. Nf3 g6 3. c4 Bg7 4. g3 d6 5. Bg2 0-0 6. 0-0 c6 7. Nbd2 Bf5 8. Nh4 Be6 9. e4 Qb6 10. Nhf3 Bh6 11. Qc2 Na6 12. a3 c5 13. d5 Bd7 14. b3 Qc7 15. Bb2 Bg7 16. Bc3 b5 17. cxb5 Bxb5 18. Nc4 Qd7 19. Rfd1 Bxc4 20. bxc4 Rab8 21. e5 Ne8 22. Re1 Nac7 23. Rab1 Rxb1 24. Rxb1 Na6 25. Rb3 Qa4 26. Bf1 Nec7 27. Qb2 Ra8 28. Rb7 Qd7 29. e6 Bxc3 30. exf7+ Kxf7 31. Ng5+ Kg8 32. Qxc3 Qe8 33. Qa5 Qc8 34. Rb3 h6 35. Bh3 Qe8 36. Ne6 Rb8 37. Rf3 Qd7 38. Qc3 Rb1+ 39. Kg2 Ne8 40. Rf8+ 1-0

[Event "SLO-chT U20"]
[Site "Koper"]
[Date "2012.08.30"]
[Round "4"]
[White "Bernik, Alja"]
[Black "Nemec, Hana"]
[Result "0-1"]
[WhiteElo "1659"]
[BlackElo "1661"]
[PlyCount "52"]
[EventDate "2012.08.28"]
[EventType "team-tourn"]
[EventRounds "7"]
[EventCountry "SLO"]
[SourceTitle "EXT 2022"]
[Source "ChessBase"]
[SourceDate "2021.10.06"]
[SourceVersion "1"]
[SourceVersionDate "2021.10.06"]
[SourceQuality "1"]

1. e4 e5 2. Nc3 Nc6 3. g3 Nf6 4. Bg2 Bc5 5. Nge2 d6 6. Na4 Bb6 7. Nxb6 axb6 8. 0-0 0-0 9. d3 h6 10. f4 Bg4 11. h3 Bxe2 12. Qxe2 Nd4 13. Qf2 c5 14. f5 Nd7 15. g4 f6 16. h4 b5 17. Be3 Qe7 18. c3 Nc6 19. Qg3 b4 20. g5 hxg5 21. hxg5 fxg5 22. Bxg5 Nf6 23. c4 Nd4 24. Qf2 Qf7 25. Bh4 Qh5 26. Bg3 Ne2+ 0-1

[Event "SLO-ch U20 Girls"]
[Site "Kamnik"]
[Date "2012.06.26"]
[Round "6"]
[White "Bernik, Alja"]
[Black "Kroselj, Lucija"]
[Result "1/2-1/2"]
[WhiteElo "1658"]
[BlackElo "1564"]
[PlyCount "139"]
[EventDate "2012.06.23"]
[EventType "swiss"]
[EventRounds "7"]
[EventCountry "SLO"]
[SourceTitle "EXT 2019"]
[Source "ChessBase"]
[SourceDate "2018.10.10"]
[SourceVersion "1"]
[SourceVersionDate "2018.10.10"]
[SourceQuality "1"]

1. e4 c5 2. Nf3 d6 3. d4 cxd4 4. Nxd4 Nf6 5. Nc3 g6 6. Bc4 Bg7 7. Be3 0-0 8. h3 Nc6 9. 0-0 Bd7 10. Qd2 Rc8 11. Bb3 Qc7 12. Rad1 a6 13. Rfe1 Ne5 14. Bh6 b5 15. Bxg7 Kxg7 16. Nd5 Nxd5 17. Bxd5 Kg8 18. Bb3 Nc4 19. Qc1 Qc5 20. c3 b4 21. cxb4 Qxb4 22. Bxc4 Rxc4 23. Qd2 Rb8 24. b3 Rc5 25. Qxb4 Rxb4 26. Rd2 a5 27. Nc2 Rb7 28. f3 Be6 29. Nd4 d5 30. exd5 Rxd5 31. Red1 Rbd7 32. f4 g5 33. fxg5 Rxg5 34. Nxe6 Rxd2 35. Rxd2 fxe6 36. Re2 Kf7 37. Kf2 Kf6 38. g3 h5 39. Re4 Rc5 40. Re2 e5 41. a3 Rc3 42. Re3 Rc2+ 43. Re2 Rc3 44. Re3 Rc1 45. Re1 Rc5 46. b4 axb4 47. axb4 Rb5 48. Rb1 Kg5 49. Ke3 Kf5 50. Rf1+ Ke6 51. Rb1 Kf5 52. Rb2 e4 53. Rb1 Ke5 54. g4 h4 55. Rb3 e6 56. Rb1 Rd5 57. b5 Rd3+ 58. Ke2 Rxh3 59. b6 Rh2+ 60. Ke3 Rh3+ 61. Ke2 Rh2+ 62. Ke3 Rh3+ 63. Kf2 Rf3+ 64. Ke2 Rf8 65. b7 Rb8 66. Ke3 h3 67. Rb5+ Kf6 68. Kxe4 h2 69. Rh5 Rxb7 70. Rxh2 1/2-1/2

[Event "SLO-ch U20 Girls"]
[Site "Kamnik"]
[Date "2012.06.24"]
[Round "3"]
[White "Vidic, Teja"]
[Black "Bernik, Alja"]
[Result "1-0"]
[WhiteElo "1915"]
[BlackElo "1658"]
[PlyCount "75"]
[EventDate "2012.06.23"]
[EventType "swiss"]
[EventRounds "7"]
[EventCountry "SLO"]
[SourceTitle "EXT 2019"]
[Source "ChessBase"]
[SourceDate "2018.10.10"]
[SourceVersion "1"]
[SourceVersionDate "2018.10.10"]
[SourceQuality "1"]

1. e4 e5 2. Nf3 Nc6 3. d4 exd4 4. Nxd4 Nf6 5. Nxc6 bxc6 6. e5 Qe7 7. Qe2 Nd5 8. c4 Ba6 9. b3 g6 10. f4 Bg7 11. Qf2 Nb6 12. Ba3 Qe6 13. c5 Bxf1 14. cxb6 Ba6 15. bxc7 f6 16. Nc3 fxe5 17. 0-0-0 d5 18. fxe5 Bf8 19. Bd6 Be7 20. Na4 Rf8 21. Qg3 Bc8 22. Nc5 Qg4 23. Qxg4 Bxg4 24. Rdf1 Rf7 25. Rxf7 Kxf7 26. Rf1+ Ke8 27. h3 Bc8 28. Bxe7 Kxe7 29. Rf6 Bd7 30. Nxd7 Kxd7 31. Rf7+ Ke6 32. Rxh7 Kxe5 33. g4 Kf4 34. Kd2 c5 35. Kd3 Re8 36. Rd7 Ke5 37. Rd8 Rxd8 38. cxd8Q 1-0

[Event "SLO-ch qual (Women)"]
[Site "Ptuj"]
[Date "2012.06.03"]
[Round "9"]
[White "Vidic, Teja"]
[Black "Bernik, Alja"]
[Result "0-1"]
[WhiteElo "1915"]
[BlackElo "1658"]
[PlyCount "50"]
[EventDate "2012.05.24"]
[EventType "tourn"]
[EventRounds "9"]
[EventCountry "SLO"]
[SourceTitle "EXT 2019"]
[Source "ChessBase"]
[SourceDate "2018.10.10"]
[SourceVersion "1"]
[SourceVersionDate "2018.10.10"]
[SourceQuality "1"]

1. e4 e5 2. Nf3 Nc6 3. d4 exd4 4. Nxd4 Nf6 5. Nxc6 bxc6 6. e5 Qe7 7. Qe2 Nd5 8. c4 Ba6 9. b3 g6 10. f4 Bg7 11. Qf2 Nf6 12. Bb2 d6 13. Qf3 Bb7 14. Be2 dxe5 15. Bxe5 0-0 16. 0-0 Nd7 17. Bxg7 Kxg7 18. f5 Nf6 19. Nc3 Qc5+ 20. Kh1 Rae8 21. fxg6 fxg6 22. Qg3 Re3 23. Qe1 Qe5 24. Rc1 Re8 25. Qh4 Rxc3 0-1

[Event "SLO-ch qual (Women)"]
[Site "Ptuj"]
[Date "2012.06.01"]
[Round "7"]
[White "Orehek, Spela"]
[Black "Bernik, Alja"]
[Result "1-0"]
[WhiteElo "2038"]
[BlackElo "1658"]
[PlyCount "63"]
[EventDate "2012.05.24"]
[EventType "tourn"]
[EventRounds "9"]
[EventCountry "SLO"]
[SourceTitle "EXT 2019"]
[Source "ChessBase"]
[SourceDate "2018.10.10"]
[SourceVersion "1"]
[SourceVersionDate "2018.10.10"]
[SourceQuality "1"]

1. e4 e5 2. Nf3 Nc6 3. Bc4 Be7 4. d4 exd4 5. c3 Na5 6. Qxd4 Nxc4 7. Qxc4 d6 8. 0-0 Nf6 9. Bf4 0-0 10. Nbd2 Be6 11. Qe2 h6 12. b3 Nh7 13. Rad1 Ng5 14. Nd4 Qc8 15. e5 d5 16. Be3 f6 17. Nxe6 Nxe6 18. Nf3 c6 19. c4 dxc4 20. Qxc4 Kh7 21. exf6 Bxf6 22. Rd6 Re8 23. h3 Nc7 24. Rxf6 gxf6 25. Qf7+ Kh8 26. Bxh6 Rg8 27. Qxf6+ Kh7 28. Ng5+ Rxg5 29. Bxg5 Qd7 30. Re1 Nd5 31. Qh6+ Kg8 32. Re6 1-0

[Event "SLO-chT Central Superliga 12th"]
[Site "Slovenia"]
[Date "2011.09.22"]
[Round "2.3"]
[White "Bernik, Alja"]
[Black "Jerina, Anton"]
[Result "0-1"]
[WhiteElo "1680"]
[BlackElo "1951"]
[PlyCount "76"]
[EventDate "2011.09.08"]
[EventType "team-tourn"]
[EventRounds "7"]
[EventCountry "SLO"]
[SourceTitle "EXT 2022"]
[Source "ChessBase"]
[SourceDate "2021.10.06"]
[SourceVersion "1"]
[SourceVersionDate "2021.10.06"]
[SourceQuality "1"]
[WhiteTeam "Komenda Pogi"]
[BlackTeam "Domzale SD"]
[WhiteTeamCountry "SLO"]
[BlackTeamCountry "SLO"]

1. e4 e6 2. d4 d5 3. exd5 exd5 4. Bd3 Nf6 5. Nf3 Be7 6. 0-0 0-0 7. h3 Nbd7 8. Bf4 c5 9. c3 b6 10. Re1 Bb7 11. Nbd2 Re8 12. Nf1 a6 13. Ng3 Bf8 14. Rxe8 Qxe8 15. Qd2 Qc8 16. Re1 Qc6 17. Re2 Re8 18. Rxe8 Nxe8 19. Qe2 Qc8 20. Nf5 Nef6 21. Bd6 Ne4 22. Bxf8 Qxf8 23. Bxa6 Ba8 24. Qb5 Nef6 25. Qe2 Ne4 26. Bd3 g6 27. Ne3 Ndf6 28. Nd2 cxd4 29. cxd4 Qd8 30. Nb3 Qd6 31. Qc2 Bb7 32. Bb5 Kg7 33. Be2 Nxf2 34. Kxf2 Qf4+ 35. Bf3 Ne4+ 36. Ke2 Ba6+ 37. Kd1 Qxe3 38. Nd2 Qg1+ 0-1

[Event "SLO-ch U16 Girls"]
[Site "Slovenia"]
[Date "2010.??.??"]
[Round "7"]
[White "Bernik, Alja"]
[Black "Leonardi, Caterina"]
[Result "1/2-1/2"]
[WhiteElo "1645"]
[BlackElo "1625"]
[PlyCount "52"]
[EventDate "2010.??.??"]
[EventType "swiss"]
[EventRounds "9"]
[EventCountry "SLO"]
[SourceTitle "EXT 2012"]
[Source "ChessBase"]
[SourceDate "2011.11.24"]
[SourceVersion "1"]
[SourceVersionDate "2011.11.24"]
[SourceQuality "1"]

1. e4 d6 2. d4 Nf6 3. Nc3 g6 4. Bg5 Nbd7 5. Nf3 Nb6 6. Be2 Bg4 7. Nd2 Bxe2 8. Qxe2 Bg7 9. 0-0 0-0 10. h3 Qd7 11. Qe3 Rfe8 12. Bh6 Bh8 13. f4 e5 14. dxe5 dxe5 15. f5 Qd4 16. Kh1 Qxe3 17. Bxe3 Rad8 18. b3 Nh5 19. Kh2 Bf6 20. Ne2 Nf4 21. Rae1 Nxe2 22. Rxe2 Rd6 23. Ref2 Kg7 24. g4 Bh4 25. Re2 Be7 26. Bc5 Rc6 1/2-1/2

[Event "SLO-ch U16 Girls"]
[Site "Slovenia"]
[Date "2010.??.??"]
[Round "8"]
[White "Franca, Veronika"]
[Black "Bernik, Alja"]
[Result "1-0"]
[WhiteElo "1750"]
[BlackElo "1645"]
[PlyCount "49"]
[EventDate "2010.??.??"]
[EventType "swiss"]
[EventRounds "9"]
[EventCountry "SLO"]
[SourceTitle "EXT 2012"]
[Source "ChessBase"]
[SourceDate "2011.11.24"]
[SourceVersion "1"]
[SourceVersionDate "2011.11.24"]
[SourceQuality "1"]

1. d4 Nf6 2. c4 g6 3. Nc3 Bg7 4. e4 d6 5. Nf3 0-0 6. Be2 e5 7. d5 Nbd7 8. Bg5 h6 9. Bh4 a6 10. Nd2 Qe8 11. 0-0 g5 12. Bg3 Nh7 13. b4 f5 14. exf5 Rxf5 15. Nce4 Rf8 16. c5 Qe7 17. cxd6 cxd6 18. Nc4 Ndf6 19. Nexd6 b5 20. Nxc8 Raxc8 21. d6 Qb7 22. Nxe5 Qd5 23. Bg4 Rcd8 24. Qxd5+ Nxd5 25. Be6+ 1-0

[Event "SLO-ch U14 Girls"]
[Site "Rogaska Slatina"]
[Date "2009.02.25"]
[Round "6"]
[White "Bernik, Alja"]
[Black "Skuhala, Barbara"]
[Result "1/2-1/2"]
[WhiteElo "1610"]
[BlackElo "1554"]
[PlyCount "76"]
[EventDate "2009.02.22"]
[EventType "swiss"]
[EventRounds "9"]
[EventCountry "SLO"]
[SourceTitle "CBM 129 Extra"]
[Source "ChessBase"]
[SourceDate "2009.05.05"]
[SourceVersion "2"]
[SourceVersionDate "2009.05.20"]
[SourceQuality "1"]

1. e4 e5 2. Nf3 Nc6 3. Nc3 Nf6 4. d4 exd4 5. Nxd4 Nxd4 6. Qxd4 d6 7. e5 Nd7 8. exd6 Bxd6 9. Qxg7 Qe7+ 10. Be2 Be5 11. Qg5 Nf6 12. Qe3 Bg4 13. Bd2 Bxe2 14. Qxe2 0-0-0 15. f4 Rxd2 16. Kxd2 Bxc3+ 17. bxc3 Ne4+ 18. Ke1 Qh4+ 19. g3 Nxg3 20. hxg3 Qxh1+ 21. Qf1 Re8+ 22. Kf2 Qh2+ 23. Kf3 Qh5+ 24. Kf2 Qh2+ 25. Kf3 Qxc2 26. Qc4 f5 27. Rh1 b5 28. Qf1 Qxc3+ 29. Kg2 Qd2+ 30. Kh3 Re2 31. Qf3 Kb8 32. Qc6 Kc8 33. Qa6+ Kd8 34. Qf6+ Re7 35. Qf8+ Re8 36. Qf6+ Kc8 37. Qa6+ Kd8 38. Qf6+ Re7 1/2-1/2